| 000 | 00000nam##2200000za#4500 |
| 001 | 9.696455 |
| 003 | CaOODSP |
| 005 | 20210624235036 |
| 007 | cr ||||||||||| |
| 008 | 150407|1999||||xxc|||||o f|0| 0 eng|d |
| 040 | |aCaOODSP|beng |
| 043 | |an-cn--- |
| 086 | 1 |aF2-83/1999E-PDF |
| 110 | 1 |aCanada. |bDepartment of Finance. |
| 245 | 10|aStructure and role |h[electronic resource] |
| 260 | |aOttawa - Ontario : |bFinance Canada |cDecember 1999. |
| 300 | |a30p.|borganization charts |
| 590 | |a12-33-Supp|b2012-07-18 |
| 690 | 07|aFederal departments|2gcpds |
| 690 | 07|aFinance|2gcpds |
| 775 | 08|tStructure et rôle |w(CaOODSP)9.640570 |
| 776 | 0#|tStructure and role |w(CaOODSP)9.662051 |
| 776 | 0#|tStructure et rôle |w(CaOODSP)9.662052 |
| 856 | 40|ahttp://publications.gc.ca|qPDF|s233 KB|uhttps://publications.gc.ca/collections/Collection/F2-83-1999E.pdf |